000 02177nam a2200349Ia 4500
999 _c54987
_d54987
001 22058
003 GE_BSU
005 20220930145913.0
008 181216s ||||ge |||||||||||||| ||geo||
020 _a9789941131974
040 _cGE_BSU
041 _ageo
080 _a338.22 მ-63
245 _aმეწარმეობის თეორიული საფუძვლები = Fundamentals of entrepreneurship :
_bდამხმ. სახელმძღვ. ნაწ. 3 /
_cჰასიდი ჯოზეფ, ალექსის-სტეფანოს კომსელისი, რევაზ გველესიანი, ელგუჯა მექვაბიშვილი, გაგნიძე ინეზა , ლეკვეიშვილი ეკა, ნაცვალაძე მარინა ; რედ. : რევაზ გველესიანი, ჯამლეტ ჯანჯღავა.
264 _aთბილისი :
_bთბილ. უნ-ტის გამ-ბა,
_c2011.
300 _a147გვ. ;
_c26 სმ.
504 _aბიბლიოგრაფია გვ. :145-147
541 _h22ლ.30თ.
653 _aეკონომიკა
653 _aმეწარმეობა
653 _aბიზნესი
700 _aჰასიდი, ჯოზეფ
_eავტორი
_912284
700 _aკომსელისი, ალექსის-სტეფანოს
_eავტორი
_912285
700 _aგველესიანი, რევაზ
_eავტორი
_93195
700 _aმექვაბიშვილი, ელგუჯა
_eავტორი
_914936
700 _aგაგნიძე, ინეზა
_eავტორი
_912287
700 _aლეკვეიშვილი, ეკა
_eავტორი
_912288
700 _aნაცვალაძე, მარინა
_eავტორი
_912289
700 _aგველესიანი, რევაზ
_eრედაქტორი
_93195
700 _aჯანჯღავა, ჯამლეტ
_eრედაქტორი
_912290
942 _cBK
_2udc